MESTSKÁ KNIŽNICA GIRALTOVCE  - online katalóg 

Lovec (Record no. 9690)

000 -NÁVESTIE
fixed length control field 00547nam a2200205 a 4500
008 - ÚDAJE S PEVNOU DĹŽKOU – VŠEOBECNÉ INFORMÁCIE
fixed length control field 960122s1967||||[C 0 cze c
040 ## - ZDROJ KATALOGIZÁCIE
Pôvodná katalogizujúca agentúra SNK
Jazyk katalogizácie slo
Prepisujúca agentúra SNK
Konvencie popisu AACR2
041 1# - KÓD JAZYKA
Kód jazyka textu/zvukovej stopy alebo samostatných nápisov cze
Kód jazyka originálu a/alebo sprostredkujúcich prekladov textu eng
044 ## - KÓD KRAJINY VYDAVATEĽA/PRODUCENTA
Kód krajiny MARC [CS]
080 ## - ČÍSLO MEDZINÁRODNÉHO DESATINNÉHO TRIEDENIA (MDT)
Číslo Medzinárodného desatinného triedenia (MDT) 820-31=850
020 ## - MEDZINÁRODNÉ ŠTANDARDNÉ ČÍSLO KNIHY (ISBN)
Údaje o dostupnosti 23
100 1# - OSOBNÉ MENÁ – VŠEOBECNÉ INFORMÁCIE
Osobné meno Aldridge, James
Dátumy súvisiace s menom 1918-
Kód roly aut
245 10 - NÁZOV
Názov Lovec
Údaj o zodpovednosti atď. James Aldridge ; Přel. Helena Maříková
250 ## - ÚDAJ O PORADÍ VYDANIA
Údaj o poradí vydania 1. vyd.
260 ## - VYDAVATEĽSKÉ ÚDAJE, DISTRIBÚCIA ATĎ.
Miesto publikovania, distribúcie atď. Praha
Názov vydavateľa, distibútora atď. Svobodné slovo
Dátum publikovania, distribúcie atď. 1967
Miesto výroby Brno
Výrobca Tisk 2
300 ## - FYZICKÝ POPIS
Rozsah 211, [1] s.
Rozmery
700 1# - PRIDANÝ VSTUP – OSOBNÉ MENO
Osobné meno Maříková, Helena
Kód roly trl
765 0# - VÄZBA NA PÔVODNÝ JAZYK
Názov The Hunter
958 ## - Formálny deskriptor
Formálny deskriptor A
Holdings
Stav stiahnutia (Blokovanie) (Withrawn status) Stav straty Zdroj klasifikácie pre skladovanie Stav poškodenia (Damaged status) Nie pre výpožičky (Not for loan) Spôsob nadobudnutia (Collection code) Trvalé umiestnenie Aktuálne umiestnenie Dátum nadobudnutia Náklady, bežná kúpna cena Inventárne číslo (prírastkové číslo) Celkom výpožičky Full call number Čiarový kód Dátum posledného výskytu Dátum poslednej výpôžičky Cena s účinnosťou od Typ jednotky Koha
          Kúpa Mestská knižnica Giraltovce Mestská knižnica Giraltovce 2019-11-29 23.00 09728 1 B 3908 B3908 2025-08-21 2025-05-13 2019-11-29 Krásna literatúra pre dospelých

Powered by Koha